Civilian Peacekeeping: (Record no. 3252)

MARC details
000 -LEADER
fixed length control field 00546nam a2200193 4500
003 - CONTROL NUMBER IDENTIFIER
control field OSt
005 - DATE AND TIME OF LATEST TRANSACTION
control field 20210121113515.0
008 - FIXED-LENGTH DATA ELEMENTS--GENERAL INFORMATION
fixed length control field 160311b xxu||||| |||| 00| 0 eng d
020 ## - INTERNATIONAL STANDARD BOOK NUMBER
International Standard Book Number 9187748762
040 ## - CATALOGING SOURCE
Transcribing agency 040a
082 ## - DEWEY DECIMAL CLASSIFICATION NUMBER
Classification number 303.66
Item number SCH 2006
100 ## - MAIN ENTRY--PERSONAL NAME
Personal name Schirch, Lisa
9 (RLIN) 7329
245 ## - TITLE STATEMENT
Title Civilian Peacekeeping:
Remainder of title preventing violence and making space for democracy
260 ## - PUBLICATION, DISTRIBUTION, ETC. (IMPRINT)
Place of publication, distribution, etc. Uppsala;
Name of publisher, distributor, etc. Life and peace institute,
Date of publication, distribution, etc. 2006
300 ## - PHYSICAL DESCRIPTION
Extent 115 ;
Other physical details ill :
Dimensions 8 cm
504 ## - BIBLIOGRAPHY, ETC. NOTE
Bibliography, etc Includes index
650 ## - SUBJECT ADDED ENTRY--TOPICAL TERM
Topical term or geographic name as entry element Peacekeeping
9 (RLIN) 7330
942 ## - ADDED ENTRY ELEMENTS (KOHA)
Source of classification or shelving scheme Dewey Decimal Classification
Koha item type Short Loan
Holdings
Withdrawn status Lost status Source of classification or shelving scheme Damaged status Not for loan Home library Current library Date acquired Source of acquisition Inventory number Total Checkouts Full call number Barcode Date last seen Koha item type
    Dewey Decimal Classification     MUST Main Library MUST Main Library 11/03/2016 Purchase 06/27587   303.66 SCH 2006 2016-0446 11/03/2016 Short Loan
    Dewey Decimal Classification     MUST Main Library MUST Main Library 08/04/2016 Purchase 06/27590   303.66 SCH 2006 2016-0658 08/04/2016 Short Loan
    Dewey Decimal Classification     MUST Main Library MUST Main Library 13/04/2016   06/27589   303.66 SCH 2006 2016-0840 13/04/2016 Short Loan
    Dewey Decimal Classification     MUST Main Library MUST Main Library 13/04/2016   06/27583   303.66 SCH 2006 2016-0841 13/04/2016 Short Loan
    Dewey Decimal Classification     MUST Main Library MUST Main Library 13/04/2016   06/27584   303.66 SCH 2006 2016-0842 13/04/2016 Short Loan